[Event "XVIII TCh-MKD"]
[Site "Struga MKD"]
[Date "2009.08.12"]
[Round "3"]
[White "Jazadzievski,M"]
[Black "Nestorovic,De"]
[Result "0-1"]
[WhiteElo "2247"]
[BlackElo "2405"]

1.e4 c5 2.c3 Nf6 3.e5 Nd5 4.d4 cxd4 5.Nf3 e6 6.cxd4 d6 7.Nc3 Nxc3 8.bxc3 Qc7
9.Bd2 Nd7 10.Bd3 dxe5 11.Ng5 Nf6 12.Qf3 Bd6 13.Qh3 Bd7 14.O-O h6 15.Rae1 exd4
16.cxd4 Bxh2+ 17.Kh1 Bf4 18.Bxf4 Qxf4 19.Ne4 Bc6 20.f3 Rd8 21.g3 Qc7 22.Nxf6+ gxf6
23.Bg6 Kf8 24.Qh4 Qe7 25.Bc2 f5 26.Qf4 Qf6 27.d5 Bxd5 28.Re5 Rg8 29.Bxf5 exf5
30.Rxf5 Qd6 31.Rxd5 Qxd5 32.Qxh6+ Ke7 33.Qh4+ Qg5 34.Qb4+ Kf6  0-1

[Event "A2Bmedialtd.com Int Gp A"]
[Site "Uxbridge ENG"]
[Date "2009.08.12"]
[Round "1"]
[White "Savage,B"]
[Black "Ocantos,M"]
[Result "1-0"]
[WhiteElo "2324"]
[BlackElo "2141"]

1.e4 c5 2.c3 Nf6 3.e5 Nd5 4.Nf3 Nc6 5.d4 cxd4 6.cxd4 d6 7.Bc4 Nb6 8.Bb5 Bd7
9.exd6 exd6 10.O-O Be7 11.Nc3 a6 12.Bd3 Bg4 13.Be3 d5 14.h3 Bh5 15.Qe2 O-O
16.Rad1 Bf6 17.Bb1 Rc8 18.Qc2 Bg6 19.Qc1 Bxb1 20.Qxb1 Na5 21.Qd3 Nac4 22.Bc1 g6
23.Rfe1 Re8 24.b3 Rxe1+ 25.Rxe1 Nd6 26.Ne5 Qc7 27.Bd2 Nf5 28.g4 Nh4 29.f4 Re8
30.Qg3 g5 31.fxg5 Bxe5 32.dxe5 Ng6 33.Kh2 d4 34.Ne4 Rxe5 35.Nf6+ Kh8 36.Rxe5 Qxe5
37.Qxe5 Nxe5 38.Kg3 Kg7 39.Kf4 Nc6 40.Ke4 Nc8 41.Bf4 N8e7 42.Ne8+ Kf8 43.Nd6 b5
44.Nf5 Nxf5 45.gxf5 Kg7 46.h4 f6 47.Bd6 Kf7 48.Bc5 fxg5 49.hxg5 a5 50.Bxd4 a4
51.bxa4 bxa4 52.Bc5 Ke8 53.Kd5 Nd8 54.Be3 Kf8 55.Kc4 Nc6 56.Kb5 Ne5 57.Kxa4 Ke8
58.Kb5 Kd7 59.a4 Kc8 60.a5 Kb7 61.a6+ Ka8 62.Kc5 Nd3+ 63.Kd6 Nb4 64.f6  1-0

[Event "XVIII TCh-MKD"]
[Site "Struga MKD"]
[Date "2009.08.13"]
[Round "4"]
[White "Dancevski,O"]
[Black "Filev,G"]
[Result "1-0"]
[WhiteElo "2411"]
[BlackElo "2393"]

1.e4 c5 2.c3 Nf6 3.e5 Nd5 4.d4 cxd4 5.Nf3 e6 6.cxd4 d6 7.Bc4 Nc6 8.O-O Be7
9.Qe2 O-O 10.Re1 Bd7 11.a3 Rc8 12.Bd3 Na5 13.Bd2 g6 14.Nc3 Nb3 15.Nxd5 exd5
16.Rad1 Nxd2 17.Qxd2 Be6 18.Bb1 Re8 19.Qf4 Qb6 20.Rd2 dxe5 21.Nxe5 Qd8 22.Rde2 Bg5
23.Qg3 Rc1 24.Rxc1 Bxc1 25.h4 Bh6 26.f4 Qc8 27.Re1 Bg7 28.h5 Bf5 29.hxg6 hxg6
30.Ba2 Bxe5 31.fxe5 Qc6 32.Rf1 Be4 33.Qf4 Qd7 34.Bb3 Rc8 35.Bd1 Bf5 36.Qg5 Qd8
37.Qxd8+ Rxd8 38.Bf3 Be6 39.Rc1 Rd7 40.Kf2 Kf8 41.Bd1 Ke7 42.Ba4 b5 43.Bb3 f6
44.exf6+ Kxf6 45.Rc5 Ke7 46.Rxb5 Kd6 47.Bd1 Rf7+ 48.Bf3 g5 49.Ke3 Rc7 50.Ra5 Rb7
51.b4 Rc7 52.Rc5 Re7 53.Kd2 Rf7 54.Ra5 Rc7 55.Ra6+ Ke7 56.Be2 Bf5 57.Bd3 Be6
58.b5 Kd7 59.a4 Rb7 60.Kc3 Ke7 61.Kb4 Kd7 62.Kc5 Rc7+ 63.Rc6 Rb7 64.Bc2 Ke7
65.Bb3 Rd7 66.a5 Bf7 67.b6 axb6+ 68.axb6 Bg8 69.Rc7 Be6 70.Rxd7+ Kxd7 71.Bxd5  1-0

[Event "Masters"]
[Site "Brasschaat BEL"]
[Date "2009.08.15"]
[Round "1"]
[White "Soors,S"]
[Black "Leenaerts,R"]
[Result "1/2-1/2"]
[WhiteElo "2222"]
[BlackElo "2248"]

1.e4 c5 2.c3 Nf6 3.e5 Nd5 4.d4 cxd4 5.Qxd4 e6 6.Bd3 Nc6 7.Qe4 f5 8.Qe2 d6
9.exd6 g6 10.Bc4 Qxd6 11.Na3 a6 12.Nf3 Be7 13.O-O O-O 14.Bh6 Re8 15.Rad1 b5
16.Bxd5 exd5 17.Rfe1 Bb7 18.c4 g5 19.cxb5 axb5 20.Qxb5 g4 21.Nc4  1/2-1/2

[Event "A2Bmedialtd.com Int Gp A"]
[Site "Uxbridge ENG"]
[Date "2009.08.15"]
[Round "7"]
[White "Venkataramanan,T"]
[Black "Ocantos,M"]
[Result "1-0"]
[WhiteElo "2267"]
[BlackElo "2141"]

1.e4 c5 2.c3 Nf6 3.e5 Nd5 4.d4 cxd4 5.cxd4 d6 6.Nf3 Nc6 7.Bc4 Nb6 8.Bb5 Bd7
9.Nc3 e6 10.O-O a6 11.Bd3 Be7 12.Ne4 dxe5 13.dxe5 Nb4 14.Bg5 O-O 15.Bxe7 Qxe7
16.Nfg5 h6 17.Qg4 hxg5 18.Nxg5 g6 19.Rad1 Kg7 20.Bb1 N6d5 21.a3 Nc6 22.Rfe1 Rae8
23.Rd3 Rh8 24.Nxf7 Qh4 25.Qxh4 Rxh4 26.Nd6 Reh8 27.h3 b5 28.Rg3 Nde7 29.Nb7 Rd4
30.Nc5 Bc8 31.Ba2 Nd8 32.Rc1 Nb7 33.Nxe6+ Bxe6 34.Bxe6 Nd8 35.Rc7 Rd1+ 36.Kh2 Kf8
37.Rf3+ Ke8 38.Bg4 Rd2 39.Ra7 Rxb2 40.Bd7+  1-0

[Event "9th Open"]
[Site "Brasschaat BEL"]
[Date "2009.08.16"]
[Round "2"]
[White "Afek,Y"]
[Black "De Herdt,Y"]
[Result "1-0"]
[WhiteElo "2314"]
[BlackElo "1941"]

1.e4 c5 2.c3 Nf6 3.e5 Nd5 4.Nf3 Nc6 5.d4 cxd4 6.cxd4 d6 7.Bc4 Nb6 8.Bb5 dxe5
9.Nxe5 Bd7 10.Nxd7 Qxd7 11.O-O g6 12.Nc3 Rd8 13.Bg5 h6 14.Be3 Bg7 15.Qb3 O-O
16.Rfd1 Nd5 17.Nxd5 Qxd5 18.Qxd5 Rxd5 19.Bc4 Rd6 20.d5 Ne5 21.Bb3 b6 22.Rac1 Rfd8
23.h3 g5 24.f4 gxf4 25.Bxf4 R6d7 26.Bg3 Ng6 27.Rc2 Be5 28.Bxe5 Nxe5 29.Rc3 Rd6
30.Rd4 Kf8 31.Rf4 Nd7 32.Rg3 Nc5 33.Bc4 Nd7 34.Rh4 Rb8 35.a4 Rc8 36.Kh2 Rc7
37.b3 Ne5 38.Re3 Nd7 39.Rf3 Rc5 40.Rh5 Rg6 41.g4 Kg7 42.d6 e6 43.Rxc5 Nxc5
44.b4 Nb7 45.d7 Kf8 46.Bb5 Ke7 47.Rc3 e5 48.Rc7 Nd8 49.Rxa7 Rd6 50.Rc7 Rd4
51.Rc4 Rxc4 52.Bxc4 Kxd7 53.Kg3 Ke7 54.a5 bxa5 55.bxa5 Nc6 56.a6 Kf6 57.Bd5 Na7
58.Kf3 Nc8 59.Ke4 Na7 60.Kd3 Ke7 61.Kc4 Nc8 62.Kc5 f6 63.Bb7 Kd7 64.Kd5  1-0

[Event "25th Open"]
[Site "Geraadsbergen BEL"]
[Date "2009.08.16"]
[Round "9"]
[White "Lemmens,P"]
[Black "Balje,J"]
[Result "0-1"]
[WhiteElo "1935"]
[BlackElo "2202"]

1.e4 c5 2.c3 Nf6 3.e5 Nd5 4.Nf3 Nc6 5.d4 cxd4 6.Bc4 Nb6 7.Bb3 d5 8.exd6 Qxd6
9.Na3 Be6 10.Nb5 Qd7 11.Qe2 Bxb3 12.axb3 dxc3 13.bxc3 a6 14.Nbd4 Nxd4 15.Nxd4 e6
16.O-O Be7 17.Rd1 Qc7 18.c4 O-O 19.Bb2 Rfd8 20.Rd3 Nd7 21.Nf5 Bf6 22.Nxg7 Bxb2
23.Qxb2 Qe5 24.Qxe5 Nxe5 25.Rxd8+ Rxd8 26.Nh5 Rd2 27.Ng3 Rb2 28.Ra5 Nd3 29.c5 Rb1+
30.Nf1 Nc1  0-1

[Event "2nd WCT GM"]
[Site "Moscow RUS"]
[Date "2009.08.16"]
[Round "8"]
[White "Vlassov,N"]
[Black "Girya,O"]
[Result "1/2-1/2"]
[WhiteElo "2471"]
[BlackElo "2266"]

1.e4 c5 2.c3 Nf6 3.e5 Nd5 4.d4 cxd4 5.cxd4 d6 6.Bc4 Nb6 7.Bb3 dxe5 8.Qh5 e6
9.dxe5 Nc6 10.Nc3 Qd3 11.Bd2 Nc4 12.O-O-O Nxd2 13.Rxd2 Qg6 14.Qxg6 hxg6 15.Nb5 Bb4
16.Nc7+ Ke7 17.Nxa8 Bxd2+ 18.Kxd2 Rd8+ 19.Ke3 Nxe5 20.Nf3 Nxf3 21.Kxf3 Bd7
22.Nc7 Rc8 23.Rc1 Bc6+ 24.Rxc6 bxc6 25.Na6 c5 26.Bc4 Kd6 27.Ke3 Kc6 28.b4 cxb4
29.Nxb4+ Kc5 30.Ba6 Rc7 31.Nc2 e5  1/2-1/2

[Event "ch-FRA National B"]
[Site "Nimes FRA"]
[Date "2009.08.17"]
[Round "7"]
[White "Bedouin,X"]
[Black "Terrieux,K"]
[Result "1/2-1/2"]
[WhiteElo "2378"]
[BlackElo "2442"]

1.e4 c5 2.c3 Nf6 3.e5 Nd5 4.g3 Nc6 5.Bg2 Nc7 6.Nf3 d5 7.exd6 Qxd6 8.d4 cxd4
9.Nxd4 Nxd4 10.cxd4 e5 11.dxe5 Qxe5+ 12.Qe2 Qxe2+ 13.Kxe2 Bg4+ 14.Bf3 h5
15.h3 Bxf3+ 16.Kxf3 O-O-O 17.Nc3 Bb4 18.Be3 b6 19.Ke4  1/2-1/2

[Event "24th Open"]
[Site "Schwarzach AUT"]
[Date "2009.08.18"]
[Round "4"]
[White "Bonnaud,R"]
[Black "Lipp,A"]
[Result "1/2-1/2"]
[WhiteElo "2204"]
[BlackElo "2091"]

1.e4 c5 2.c3 Nf6 3.e5 Nd5 4.d4 cxd4 5.Bc4 Nb6 6.Bb3 e6 7.cxd4 d6 8.exd6 Qxd6
9.Nf3 Nc6 10.Nc3 Be7 11.O-O O-O 12.a3 Rd8 13.Be3 Bd7 14.Qe2 Be8 15.Rfd1 Nd5
16.Ne4 Qc7 17.Rac1 Qb6 18.Bxd5 exd5 19.Nc5 Rac8 20.b4 a5 21.bxa5 Nxa5 22.Rb1 Qa7
23.Bd2 Bxc5 24.dxc5 Ba4 25.Re1 Nb3 26.Bb4 Nxc5 27.Qe3 b6 28.Nd4 Qd7 29.Qg3 Re8
30.Rxe8+ Rxe8 31.h4 h6 32.Rc1 Ne4 33.Qf4 Rc8 34.Rxc8+ Qxc8 35.Nf5 Qe6 36.Qb8+ Kh7
37.Ne7 f5 38.h5 Nf6 39.Ng6 Qg8 40.Nf8+ Kh8 41.Ng6+ Kh7 42.Nf8+ Kh8 43.Ng6+ Kh7  1/2-1/2

[Event "24th Open"]
[Site "Schwarzach AUT"]
[Date "2009.08.19"]
[Round "5"]
[White "Marcelin,C"]
[Black "Palac,M"]
[Result "1/2-1/2"]
[WhiteElo "2498"]
[BlackElo "2582"]

1.e4 c5 2.c3 Nf6 3.e5 Nd5 4.Nf3 Nc6 5.Bc4 e6 6.d4 cxd4 7.cxd4 d6 8.Qe2 Be7
9.O-O O-O 10.Rd1 Bd7 11.Qe4 Qc7 12.Bg5 Ncb4  1/2-1/2

[Event "ch-FRA National A"]
[Site "Nimes FRA"]
[Date "2009.08.20"]
[Round "10"]
[White "Degraeve,JM"]
[Black "Hamdouchi,H"]
[Result "1-0"]
[WhiteElo "2559"]
[BlackElo "2589"]

1.e4 c5 2.c3 Nf6 3.e5 Nd5 4.Nf3 Nc6 5.d4 cxd4 6.cxd4 d6 7.Bc4 Nb6 8.Bb5 dxe5
9.Nxe5 Bd7 10.Nxd7 Qxd7 11.Nc3 e6 12.O-O Be7 13.Qg4 O-O 14.Bxc6 bxc6 15.Bh6 Bf6
16.Rfd1 Rfd8 17.Ne4 Qe7 18.Rac1 Kh8 19.Bg5 Bxg5 20.Qxg5 f6 21.Qc5 Qxc5 22.Nxc5 Rd6
23.Ne4 Rd5 24.Rxc6 e5 25.Rd6 Rd8 26.Rxd5 Rxd5 27.Nc3 Rxd4 28.Rxd4 exd4 29.Nb5 Na4
30.Nxa7 Nxb2 31.Kf1 Nd3 32.Nc6 Nc1 33.a4 d3 34.Ke1 Nb3 35.a5 Nc5 36.Nb4  1-0

[Event "24th Open"]
[Site "Schwarzach AUT"]
[Date "2009.08.20"]
[Round "6"]
[White "Bonnaud,R"]
[Black "Benson,O"]
[Result "1-0"]
[WhiteElo "2204"]
[BlackElo "1967"]

1.e4 c5 2.c3 Nf6 3.e5 Nd5 4.d4 cxd4 5.Bc4 Qc7 6.Qe2 Nb6 7.Bd3 Nc6 8.Nf3 d6
9.exd6 Qxd6 10.Nxd4 Nxd4 11.cxd4 g6 12.Nc3 Bg7 13.O-O O-O 14.Be3 Be6 15.Rfd1 Nd5
16.Ne4 Qb6 17.Nc5 Nxe3 18.fxe3 Bd5 19.Nd7 Qd6 20.Nxf8 Rxf8 21.Bc4 Be4 22.Rac1 e5
23.d5 Bh6 24.Bd3 Qxd5 25.Bb1 Bf3 26.gxf3  1-0

[Event "BDO Premier"]
[Site "Haarlem NED"]
[Date "2009.08.21"]
[Round "7"]
[White "Zumsande,M"]
[Black "Reinderman,D"]
[Result "0-1"]
[WhiteElo "2403"]
[BlackElo "2565"]

1.e4 c5 2.c3 Nf6 3.e5 Nd5 4.d4 cxd4 5.Nf3 Nc6 6.cxd4 d6 7.Bc4 Nb6 8.Bb5 dxe5
9.Nxe5 Bd7 10.Nxd7 Qxd7 11.Nc3 Rd8 12.O-O e6 13.a4 Nd5 14.Qg4 a6 15.Bxc6 Qxc6
16.Bg5 f6 17.Rfe1 Kf7 18.Qh5+ g6 19.Qf3 Be7 20.Ne4 h6 21.Bd2 f5 22.Nc5 Bxc5
23.dxc5 Qxc5 24.Re2 h5 25.Rae1 Rhe8 26.Qg3 Qd4 27.b3 Rc8 28.h3 Rc6 29.Bc1 Rc3
30.Qd6 Qc5 31.Qxc5 Rxc5 32.Bb2 Rc6 33.Rd2 Rec8 34.Kf1 h4 35.g3 hxg3 36.fxg3 g5
37.Ree2 R8c7 38.Be5 Rc1+ 39.Kf2 R7c6 40.Bb2 Rb1 41.Rd3 Nb4 42.Rd7+ Ke8 43.Red2 Rc2
44.Bf6 Rxd2+ 45.Rxd2 Nd5 46.Bxg5 Rxb3 47.h4 Kf7 48.h5 Nf6 49.Bxf6 Kxf6 50.h6 Kg6
51.Rd6 Kxh6 52.Rxe6+ Kg5 53.Rd6 Rb4 54.Kf3 a5 55.Rd7 Kf6 56.Rh7 Ke6 57.Rg7 Kd6
58.Rf7 Ke5 59.Re7+ Kf6 60.Rh7 b6 61.Rh8 Ke5 62.Re8+ Kd6 63.Rd8+ Kc7 64.Rf8 Rxa4
65.Rxf5 Ra1 66.Ke4 Kc6 67.Rg5 a4 68.Kd3 Rc1 69.Rg8 Kb5 70.g4 a3 71.Ra8 Kb4
72.g5 Rg1 73.Kc2 Rg2+  0-1

[Event "Masters"]
[Site "Brasschaat BEL"]
[Date "2009.08.22"]
[Round "8"]
[White "Hovhanisian,M"]
[Black "Leenaerts,R"]
[Result "1-0"]
[WhiteElo "2471"]
[BlackElo "2248"]

1.e4 c5 2.c3 Nf6 3.e5 Nd5 4.d4 cxd4 5.cxd4 e6 6.Nc3 Nxc3 7.bxc3 Qc7 8.Qc2 b6
9.f4 Ba6 10.Bxa6 Nxa6 11.Ne2 Nb4 12.Qb1 Nc6 13.f5 Be7 14.O-O Na5 15.Qe4 Qc6
16.Qg4 g6 17.fxe6 Qxe6 18.Qf3 O-O 19.Nf4 Qc4 20.Nd5 Nc6 21.Bh6  1-0

[Event "ch-SCCF State"]
[Site "Los Angeles USA"]
[Date "2009.08.22"]
[Round "5"]
[White "Sevillano,E"]
[Black "Liu,E"]
[Result "1-0"]
[WhiteElo "2528"]
[BlackElo "2356"]

1.e4 c5 2.c3 Nf6 3.e5 Nd5 4.d4 cxd4 5.Nf3 d6 6.Qxd4 e6 7.Bg5 dxe5 8.Bb5+ Nc6
9.Qa4 Qc7 10.c4 Nb6 11.Qc2 Bd7 12.O-O f5 13.Nc3 e4 14.Rfe1 Be7 15.Bxe7 Nxe7
16.Ng5 O-O 17.Bxd7 Qxd7 18.Rad1 Qc6 19.c5 Nbd5 20.Qb3 Rad8 21.Nb5 e5 22.Nd6 Rf6
23.Nxb7 Rb8 24.Na5 Qc7 25.Qa4 Ra6 26.b4 Nxb4 27.Rd7 Qxa5 28.Qb3+ Ned5 29.Rxd5  1-0

[Event "IM"]
[Site "Dieppe FRA"]
[Date "2009.08.23"]
[Round "1"]
[White "Ringoir,T"]
[Black "Tirard,H"]
[Result "1/2-1/2"]
[WhiteElo "2406"]
[BlackElo "2434"]

1.e4 c5 2.c3 Nf6 3.e5 Nd5 4.d4 cxd4 5.cxd4 d6 6.Nf3 Nc6 7.Bc4 Nb6 8.Bb5 dxe5
9.Nxe5 Bd7 10.Nxd7 Qxd7 11.Nc3 e6 12.O-O Be7 13.Qg4 O-O 14.Bxc6 bxc6 15.Bh6 Bf6
16.Rfd1 Kh8 17.Bf4 Nd5  1/2-1/2

[Event "Open A"]
[Site "Panevezys LTU"]
[Date "2009.08.23"]
[Round "9"]
[White "Dainauskas,J"]
[Black "Viskelis,S"]
[Result "0-1"]
[WhiteElo "1938"]
[BlackElo "2039"]

1.e4 c5 2.c3 Nf6 3.e5 Nd5 4.Bc4 Nb6 5.Bb3 d5 6.d4 cxd4 7.cxd4 Bf5 8.g4 Bg6
9.h4 h5 10.e6 Qd6 11.exf7+ Bxf7 12.g5 Nc6 13.Nf3 g6 14.O-O Bg7 15.Re1 Be6
16.Nc3 a6 17.a4 Bg4 18.a5 Nxd4 19.Qxd4 Bxd4 20.Nxd4 Nc4 21.Ba4+ Kf7 22.b3 Qc5
23.Nc2 Nd6 24.Bb2 Rhd8 25.b4 Qa7 26.Nxd5 e6 27.Bd4 Qb8 28.Nb6 Nf5 29.Be5 Qa7
30.Bd7 Nxh4 31.Nd4 Qxb6 32.axb6 Rxd7 33.Re4 Rad8 34.Rc1 Nf5 35.Nxf5 Bxf5
36.Rec4 Rd1+ 37.Rxd1 Rxd1+ 38.Kh2 Rd7 39.Bf6 e5 40.Bxe5 Ke6 41.f4 Rd2+ 42.Kg3 Rd3+
43.Kh2 Rd7 44.Rd4 Rxd4 45.Bxd4 Kd5 46.Bf2 Kc4 47.Be1 Kb5 48.Kg2 Kxb6 49.Kf3 Kb5
50.Ke3 b6 51.Kd4 a5 52.bxa5 bxa5 53.Kc3 a4 54.Bf2 Be6 55.Kb2 Kc4 56.Ka3 Bd7
57.Be1 Kd5 58.f5 gxf5 59.g6 Ke6 60.Bh4 f4 61.Kb4 Be8 62.Ka3 f3 63.Kb4 Bxg6
64.Kxa4 Kf5 65.Kb3 Kg4 66.Bf2 Kh3 67.Kc3 Kg2  0-1

[Event "24th Open"]
[Site "Schwarzach AUT"]
[Date "2009.08.23"]
[Round "9"]
[White "Cremer,J"]
[Black "Benson,O"]
[Result "1-0"]
[WhiteElo "2161"]
[BlackElo "1967"]

1.e4 c5 2.c3 Nf6 3.e5 Nd5 4.Nf3 Nc6 5.Bc4 Nb6 6.Bb3 d5 7.exd6 Qxd6 8.Na3 a6
9.d4 cxd4 10.Nxd4 Nxd4 11.cxd4 e6 12.O-O Be7 13.Qf3 O-O 14.Rd1 Rd8 15.Bf4 Qb4
16.Bd2 Qd6 17.Ba5 Rd7 18.Bxb6 Qxb6 19.Nc4 Qc7 20.Ne5 Bd6 21.Nxd7 Bxd7 22.g3 Rf8
23.Rac1 Qb8 24.Qe2 Kh8 25.f4 Re8 26.Qf3 Kg8 27.Bc2 Qa7 28.Be4 e5 29.fxe5 Bxe5
30.Kg2 Bf6 31.Rc7 Bc8 32.Bxb7 Qb8 33.Rxc8 Rxc8 34.Bxc8 Qxc8 35.Qe2 g6 36.d5 Qb7
37.b3  1-0

[Event "XXVI Open A"]
[Site "Collado Villalba ESP"]
[Date "2009.08.24"]
[Round "4"]
[White "Rodriguez Gomez,V"]
[Black "Giese,R"]
[Result "1-0"]
[WhiteElo "1990"]
[BlackElo "2200"]

1.e4 c5 2.c3 Nf6 3.e5 Nd5 4.d4 d6 5.Nf3 Nc6 6.Bb5 a6 7.Bxc6+ bxc6 8.exd6 Qxd6
9.dxc5 Qxc5 10.O-O f6 11.Nbd2 Bf5 12.Nb3 Qb6 13.Nfd4 Bd7 14.c4 Nc7 15.c5 Qb4
16.f4 Nb5 17.Be3 Nxd4 18.Bxd4 Bf5 19.Qf3 Qa4 20.Rfe1 Rd8 21.Rad1 h5 22.Qc3 Rd5
23.Na5 Bd7 24.Nc4 Bg4 25.Rd2 Kf7 26.Nb6 Qxa2 27.b3 Qxd2 28.Qxd2 Rd8 29.Qc3 e6
30.Ra1 Be2 31.Nc4 Ra8 32.Nd6+ Bxd6 33.cxd6 Bb5 34.Bb6 Ke8 35.Qg3 Kf7 36.d7 Rab8
37.d8=Q Rbxd8 38.Bxd8 Rxd8 39.f5 e5 40.Qg6+ Kf8 41.Qxh5 Rd3 42.Rd1 e4 43.Rxd3 exd3
44.Kf2  1-0

[Event "IM"]
[Site "Dieppe FRA"]
[Date "2009.08.26"]
[Round "6"]
[White "Ringoir,T"]
[Black "Zhou,Y"]
[Result "1-0"]
[WhiteElo "2406"]
[BlackElo "2265"]

1.e4 c5 2.c3 Nf6 3.e5 Nd5 4.d4 e6 5.Nf3 cxd4 6.cxd4 d6 7.Bc4 Nc6 8.O-O Be7
9.Qe2 O-O 10.Qe4 Bd7 11.Re1 Rc8 12.a3 Na5 13.Ba2 Ba4 14.Qg4 Kh8 15.Nbd2 Bc2
16.Ne4 dxe5 17.dxe5 Qb6 18.Bg5 Bxg5 19.Nfxg5 Rc7 20.b4 Nc6 21.Bxd5 exd5 22.Nc5 h6
23.Nh3 Ne7 24.Nf4 Bf5 25.Qf3 Qc6 26.e6 f6 27.Qh5 Qd6 28.g3 Rfc8 29.Rad1 d4
30.Nd7 d3 31.Nc5 Rxc5 32.bxc5 Qxc5 33.Nxd3 Qxa3 34.Nf4 b5 35.Qf7 Qb4 36.Rf1 Be4
37.Rd7 Nf5 38.e7 Nd6 39.Rxd6  1-0

[Event "XI Sants Open"]
[Site "Barcelona ESP"]
[Date "2009.08.27"]
[Round "7"]
[White "Lanzani,M"]
[Black "Solodovnichenko,Y"]
[Result "1/2-1/2"]
[WhiteElo "2361"]
[BlackElo "2596"]

1.e4 c5 2.c3 Nf6 3.e5 Nd5 4.d4 cxd4 5.Nf3 Nc6 6.cxd4 d6 7.Bc4 e6 8.O-O Be7
9.exd6 Qxd6 10.Nc3 O-O 11.Re1 a6 12.Bb3 Bd7 13.Qe2 Rfe8 14.Bc2 Rad8 15.a3 Nf6
16.Be3 b5 17.Rad1 Bc8 18.Bg5 Nd5 19.Ne4 Qc7 20.h4 h6 21.Bxe7 Ncxe7 22.Rc1 Qb6
23.Ng3 Nf6 24.Ne4 Nxe4 25.Bxe4 Bb7 26.Bxb7 Qxb7 27.Qe5 Rd7 28.Rc5 Red8 29.Rec1 Nf5
30.Rc7 Rxc7 31.Rxc7 Qd5 32.Qxd5 Rxd5 33.Ra7 Nxd4 34.Nxd4 Rxd4 35.g3 Ra4 36.h5 Ra5
37.Ra8+ Kh7 38.Ra7 Kg8 39.Ra8+ Kh7 40.Ra7 f6 41.Re7 e5 42.Ra7 Ra4 43.Kg2 e4
44.Kh3 f5 45.Rf7 b4 46.Rxf5 bxa3 47.bxa3 Rxa3 48.Re5 Ra4 49.Re8 a5 50.g4 Rb4
51.Ra8 a4 52.Kg3 Rc4 53.Kh4 Rd4 54.Kg3 g5 55.hxg6+ Kxg6 56.Ra6+ Kg5 57.Ra5+ Kf6
58.Kf4 e3+ 59.Kxe3 Rxg4 60.f4 Rg3+ 61.Kf2 Ra3 62.Kg2 Ra1 63.Kh2 Ke6 64.Kg2 a3
65.Kh2 Kd7 66.f5 Ke7 67.Ra6 h5 68.Kg2 h4 69.Kh2 Ra2+ 70.Kh3 Ra1 71.Kh2 Kf7
72.Kg2 Ra2+ 73.Kh3 Ra1 74.Kg2 a2 75.Kh2 h3 76.f6 Kg6 77.f7+ Kxf7 78.Ra8  1/2-1/2

[Event "5th Geller Mem Open A"]
[Site "Odessa UKR"]
[Date "2009.08.27"]
[Round "8"]
[White "Zingaylo,Ana"]
[Black "Rudenko,S"]
[Result "1-0"]
[WhiteElo "2070"]
[BlackElo "1927"]

1.e4 c5 2.c3 Nf6 3.e5 Nd5 4.d4 cxd4 5.Nf3 Nc6 6.Bc4 Nb6 7.Bb3 e6 8.cxd4 d5
9.exd6 Bxd6 10.Nc3 O-O 11.O-O a6 12.a3 Qc7 13.Qd3 Rd8 14.Be3 Bf8 15.h4 e5
16.Ng5 g6 17.Nxf7 Qxf7 18.Bxf7+ Kxf7 19.d5 Bf5 20.Qe2 Nd4 21.Bxd4 exd4 22.g4 dxc3
23.gxf5 gxf5 24.Qe6+ Kg7 25.Kh1  1-0

[Event "XI Sants Open"]
[Site "Barcelona ESP"]
[Date "2009.08.28"]
[Round "8"]
[White "Cuartas,Ja"]
[Black "Fargere,Fr"]
[Result "1/2-1/2"]
[WhiteElo "2521"]
[BlackElo "2480"]

1.e4 c5 2.c3 Nf6 3.e5 Nd5 4.d4 cxd4 5.cxd4 e6 6.Nf3 d6 7.Bc4 Nb6 8.Bd3 dxe5
9.dxe5 N8d7 10.Qe2 Nc5 11.Bb5+ Bd7 12.O-O Bxb5 13.Qxb5+ Qd7 14.Nc3 Qxb5 15.Nxb5 Nd5
16.Bd2 Nd3 17.Bc3 a6 18.Rfd1 Nxe5 19.Rxd5 Nxf3+ 20.gxf3 exd5 21.Nc7+ Kd7
22.Nxa8 Bc5 23.Rd1 Rxa8 24.Rxd5+ Kc6 25.Rh5 h6 26.Kf1 f6 27.Rh4 b5 28.Re4 Kd5
29.h3 Rb8 30.Re1 Bd6 31.Rd1+ Ke6 32.Re1+ Kd5 33.Rd1+ Ke6 34.Re1+ Kf5 35.Rd1 Rb6
36.Bd4 Rc6 37.Be3 Be5 38.b3 g5 39.Rc1 Rxc1+ 40.Bxc1 Kg6 41.Bd2 Bd6 42.Ke2 Kh5
43.Kf1 Kh4 44.Kg2 Be5 45.Bb4 Kh5 46.Kf1 f5 47.Bd2 f4 48.Bb4 Kg6 49.Ke2 Bb2  1/2-1/2

[Event "IM"]
[Site "Dieppe FRA"]
[Date "2009.08.28"]
[Round "8"]
[White "Ringoir,T"]
[Black "Bersoult,F"]
[Result "1-0"]
[WhiteElo "2406"]
[BlackElo "2217"]

1.e4 c5 2.c3 Nf6 3.e5 Nd5 4.d4 cxd4 5.cxd4 e6 6.Nf3 b6 7.Bd3 Bb4+ 8.Bd2 Bxd2+
9.Nfxd2 Ba6 10.Ne4 O-O 11.Nbc3 Nxc3 12.bxc3 Bxd3 13.Qxd3 d5 14.exd6 f5 15.Nd2 Qxd6
16.O-O Nd7 17.Rfe1 Rac8 18.Re3 Rfd8 19.Rae1 Nf8 20.Nf3 h6 21.Ne5 Qa3 22.g4 fxg4
23.Nxg4 Rd5 24.Rg3 Kh8 25.Ne5 Qe7 26.Re4 Qf6 27.Reg4 Rxe5 28.dxe5 Qxe5 29.Qd4 Qxd4
30.Rxd4 Kg8 31.Rgd3 Kf7 32.Rd8 Rxd8 33.Rxd8 Ke7 34.Ra8 a5 35.Kf1 Nd7 36.Ke2 e5
37.f3 Nc5 38.Ra7+ Nd7 39.Ke3 Ke6 40.f4 exf4+ 41.Kxf4 Nf6 42.c4 Nd7 43.Ke4 g6
44.Ra8 Nf6+ 45.Kd4 Nd7 46.Rc8  1-0

[Event "TCh-SRB 1st League"]
[Site "Kragujevac SRB"]
[Date "2009.09.02"]
[Round "2"]
[White "Drazic,S"]
[Black "Ivanisevic,I"]
[Result "1/2-1/2"]
[WhiteElo "2518"]
[BlackElo "2614"]

1.e4 c5 2.c3 Nf6 3.e5 Nd5 4.Nf3 e6 5.Bc4 b6 6.Bxd5 exd5 7.O-O Be7 8.d4 Bb7
9.Re1 O-O 10.Bf4 Na6 11.Nbd2 Nc7 12.Nf1 Ne6 13.Bg3 d6 14.exd6 Bxd6 15.Ne3 Re8
16.Bxd6 Qxd6 17.Qd2 Qf4 18.Rad1 Rad8 19.h3 h5 20.a3 g6 21.Nxd5 Bxd5 22.Rxe6 Qxd2
23.Rxe8+ Rxe8 24.Rxd2 Bxf3 25.gxf3 cxd4 26.Rxd4 Re2 27.Rb4 Rc2 28.f4 Kg7
29.Kg2 Kf6 30.Kf3 Rd2 31.Rb5 Rd3+ 32.Kg2 Rd2 33.Kg3 Ke6 34.f5+ gxf5 35.f3 f6
36.a4 Re2 37.Kf4 Rh2 38.b3 Rxh3 39.a5 bxa5 40.Rxa5 Rh4+ 41.Kg3 Rh1 42.Rxa7 h4+
43.Kf4 h3 44.Ra6+ Ke7 45.Ra2 Rb1 46.b4 Rc1 47.Kxf5 Rxc3 48.f4 Rc4 49.Ra7+ Kf8
50.b5 Rb4 51.Rh7 Rxb5+ 52.Kxf6 Rb6+  1/2-1/2

[Event "TCh-SRB 1st League"]
[Site "Kragujevac SRB"]
[Date "2009.09.03"]
[Round "3"]
[White "Pap,M"]
[Black "Martinovic,Sl"]
[Result "1-0"]
[WhiteElo "2484"]
[BlackElo "2452"]

1.e4 c5 2.c3 Nf6 3.e5 Nd5 4.d4 cxd4 5.Nf3 e6 6.cxd4 d6 7.Bc4 Nc6 8.Qe2 Be7
9.O-O O-O 10.Rd1 Bd7 11.Bd2 Rc8 12.Nc3 Nxc3 13.Bxc3 d5 14.Bd3 a6 15.Rac1 Qb6
16.Bb1 Na5 17.b3 Nc6 18.Qd3 g6 19.Qe3 f6 20.Qh6 Rf7 21.h4 Bf8 22.Qd2 fxe5
23.dxe5 Be7 24.h5 gxh5 25.Qh6 Rg7 26.Rxd5 exd5 27.e6 d4 28.exd7 Rc7 29.Nxd4 Bg5
30.Qe6+ Rf7 31.Bxh7+  1-0

[Event "6th LGA Premium Cup"]
[Site "Nuernberg GER"]
[Date "2009.09.03"]
[Round "1"]
[White "Krauss,Jo"]
[Black "Kunin,V"]
[Result "0-1"]
[WhiteElo "2110"]
[BlackElo "2532"]

1.e4 c5 2.c3 Nf6 3.e5 Nd5 4.d4 cxd4 5.Nf3 e6 6.cxd4 b6 7.Bd3 Ba6 8.O-O Bxd3
9.Qxd3 Nc6 10.Bg5 Be7 11.Bxe7 Qxe7 12.Nc3 Nxc3 13.bxc3 d5 14.exd6 Qxd6 15.Rfd1 Rd8
16.c4 h6 17.Rd2 O-O 18.Rc1 Rd7 19.Qc3 Rc8 20.h3 Qf4 21.Qe3 Qxe3 22.fxe3 Rdc7
23.d5 Nd8 24.Rd4 exd5 25.Rxd5 Ne6 26.Nd2 Kf8 27.Rc3 Rc5 28.Ra3 R8c7 29.Rdd3 Ke7
30.Kf2 f5 31.Ra4 R5c6 32.Rd5 g6 33.Ke2 Rd6 34.Rb5 Nc5 35.Ra3 Kf6 36.Rb1 Re7
37.g3 h5 38.h4 Red7 39.Rb2 Re6 40.Rb1 Red6 41.Rb2 Ke7 42.Nf3 Ne4 43.Ne5 Rc7
44.Kf3 Kf6 45.Rb5 Rd2 46.Nd3 Rxc4 47.Rxa7 Rxd3 48.Rxb6+ Nd6 49.Rd7 Ke6 50.Rg7 Rg4
51.a4 Rxa4 52.Rxg6+ Ke5 53.Rg7 Raa3 54.Re7+ Kf6 55.Re8 Kf7 56.Re5 Kf6 57.Re8 Ra2
58.Rh8 Rdd2 59.e4 Rd3+  0-1

[Event "6th LGA Premium Cup"]
[Site "Nuernberg GER"]
[Date "2009.09.04"]
[Round "3"]
[White "Eppinger,G"]
[Black "Mainka,R"]
[Result "0-1"]
[WhiteElo "2194"]
[BlackElo "2521"]

1.e4 c5 2.c3 Nf6 3.e5 Nd5 4.d4 cxd4 5.Nf3 e6 6.cxd4 d6 7.Nc3 Nxc3 8.bxc3 Qc7
9.Bb5+ Bd7 10.Qb3 a6 11.Bxd7+ Nxd7 12.exd6 Bxd6 13.Ba3 Bxa3 14.Qxa3 Qc4 15.Nd2 Qd3
16.h4 Nb6 17.Qb3 Nd5 18.Rh3 Qg6 19.Rg3 Qf6 20.Ne4 Qf4 21.Qc2 O-O 22.h5 Rac8
23.Rb1 b5 24.Qe2 Qh6 25.Qf3 Rc4 26.Rb3 b4  0-1

[Event "II Open"]
[Site "Sabadell ESP"]
[Date "2009.09.05"]
[Round "5"]
[White "Mellado Trivino,J"]
[Black "Cruz,F"]
[Result "1-0"]
[WhiteElo "2422"]
[BlackElo "2404"]

1.e4 c5 2.c3 Nf6 3.e5 Nd5 4.d4 cxd4 5.Nf3 e6 6.Qxd4 Nc6 7.Qe4 d6 8.Nbd2 dxe5
9.Nxe5 Nxe5 10.Qxe5 Qd6 11.Qh5 Nf6 12.Qb5+ Qd7 13.Qb3 Qc7 14.Bb5+ Bd7 15.Nc4 Bc5
16.Be3 O-O-O 17.Bxd7+ Rxd7 18.Bxc5 Qxc5 19.Ne3 Rhd8 20.O-O Ne4 21.Rfe1 Nd2
22.Qa4 Kb8 23.Qf4+ e5 24.Qh4 h6 25.a4 f6 26.a5 a6 27.Qg4 Qc6 28.Qb4 Qe6 29.Rad1 f5
30.c4 f4 31.Nd5 Nxc4 32.Nxf4 Qf7 33.Rxd7 Rxd7 34.Ne2 Rc7 35.b3 Qd5 36.bxc4 Qe6
37.Qf8+ Ka7 38.Qc5+ Ka8 39.Ng3 e4 40.h4  1-0